000 01477nam0a2200349 4500
001 RU\NLR\bibl\980072
005 20250614214142.0
010 _a5-17-019888-4
_95000
021 _aRU
_b2006-40859
_92047
035 _a(nilc)RSL-KNO-002905054
035 _a(NLR Aleph) 000967975
090 _a381145
_c381145
100 _a20060712d2006 |||y0rusy50 ca
101 1 _arus
_ceng
102 _aRU
105 _ay |||||||||
106 _ar
200 1 _aУдушье
_e[роман]
_fЧак Паланик
_g[пер. с англ. Т. Ю. Покидаевой]
210 _aМосква
_cАСТ
_cТранзиткнига
_d2006
_eМ.
_g1-я Образцовая. типография
215 _a318 с.
_d21
225 1 _aАльтернатива
610 0 _aФилологические науки. Художественная литература -- США -- Американская литература -- с 1945 г. -- Произведения художественной литературы -- Художественная проза -- Романы. Повести. Рассказы
686 _aШ5(7США)62-644
_2rubbk
686 _aШ6(7США)67-440.4{Лх1979-50}
700 1 _4070
_7ca
_8rus
_aПаланик
_bЧ.
_f1962-
_gЧак
_9217774
_3RU\NLR\AUTH\770217830
801 0 _aRU
_bРКП
_c20060712
_grcr
801 1 _aRU
_bРГБ
_c20060712
801 2 _aRU
_bNLR
_c20060904
_grcr
830 _aпо кн
942 _cBOOK
980 _aNB